000 01963 a2200265 4500
001 49692
005 20260407155758.0
008 260407a2015 arg spa d
003 AR-UNSa-BCEJYS
040 _aAR-UNSa-BCEJYS
_bspa
_cAR-UNSa-BCEJYS
080 _a658.3
_xPersonal. Relaciones humanas en la empresa (Recursos Humanos)
245 1 0 _aAdministración de recursos humanos
020 _a978-607-32-3311-8
250 _a14a. ed.
264 1 _aMéxico :
_bPearson Educación
_c2015
300 _axxvi, 524 p.
_c27 cm.
505 _aParte Uno: Introducción: 1. Introducción a la administración de recursos humanos - 2. La estrategia y el análisis de la administración de recursos humanos - Parte dos: Reclutamiento, colocación y administración del talento: 3. Análisis del puesto y proceso de administración del talento - 4. Planeación y reclutamiento de personal - 5. Las pruebas y la selección de personal - 6. Entrevistas a candidatos - Parte tres: Capacitación y desarrollo: 7. Capacitación y desarrollo de los trabajadores - 8. Administración y evaluación del desempeño - 9. Administración de la retención, participación y carrera de los empleados - Parte cuatro: Remuneración: 10. Establecimiento de planes salariales estratégicos - 11. Remuneración por desempeño e incentivos económicos - 12. Prestaciones y servicios - Parte cinco: Temas complementarios en la administración de recursos humanos: 13. Ética, relaciones laborales y trato justo en el trabajo - 14. Seguridad y salud de los trabajadores - 15. Administración global de recursos humanos - 16. Administración de recursos humanos en empresas pequeñas -
041 _aspa
942 _cBK
590 _aniveau_biblio:m niveau_hierar:0
100 1 _aDessler, Gary
700 1 _aPineda Ayala, Leticia Esther
700 1 _aVarela Juárez, Ricardo
856 4 1 _uhttps://www.biblioeco.unsa.edu.ar/pmb/images/libros/L128165.jpg
_yImagen de portada
_qimage/jpeg
999 _c4870
_d4870